Preliminary Discourse to the Encyclopedia of Diderot (Record no. 43215)
[ view plain ]
| 000 -LEADER | |
|---|---|
| fixed length control field | 00696nam a2200205Ia 4500 |
| 003 - CONTROL NUMBER IDENTIFIER | |
| control field | 0100 |
| 005 - DATE AND TIME OF LATEST TRANSACTION | |
| control field | 20140325174928.0 |
| 008 - FIXED-LENGTH DATA ELEMENTS--GENERAL INFORMATION | |
| fixed length control field | 130303s9999 xx 000 0 und d |
| 040 ## - CATALOGING SOURCE | |
| Transcribing agency | ARRUPELIB |
| 050 ## - LIBRARY OF CONGRESS CALL NUMBER | |
| Classification number | AE25.E57 1963 |
| 100 ## - MAIN ENTRY--PERSONAL NAME | |
| Personal name | D'Alembert, Jean le Rond and schwab, Richard N. and rex, Walter E. |
| 9 (RLIN) | 9368 |
| 245 ## - TITLE STATEMENT | |
| Title | Preliminary Discourse to the Encyclopedia of Diderot |
| 260 ## - PUBLICATION, DISTRIBUTION, ETC. (IMPRINT) | |
| Place of publication, distribution, etc | Indianapolis, Indiana |
| 260 ## - PUBLICATION, DISTRIBUTION, ETC. (IMPRINT) | |
| Name of publisher, distributor, etc | Bobbs-Merrill Company Inc |
| 300 ## - PHYSICAL DESCRIPTION | |
| Extent | 170p |
| 600 ## - SUBJECT ADDED ENTRY--PERSONAL NAME | |
| General subdivision | Encyclopedia |
| 9 (RLIN) | 9371 |
| 650 ## - SUBJECT ADDED ENTRY--TOPICAL TERM | |
| Topical term following geographic name as entry element | Spiritual exercises -- Commentaries |
| 9 (RLIN) | 9369 |
| 700 ## - ADDED ENTRY--PERSONAL NAME | |
| Personal name | Translated, with an Introduction and Notes by Richard N. Schwab, with the collab |
| 9 (RLIN) | 9370 |
| 942 ## - ADDED ENTRY ELEMENTS (KOHA) | |
| Source of classification or shelving scheme | Library of Congress Classification |
| Koha item type | REFERENCE |
| Withdrawn status | Lost status | Source of classification or shelving scheme | Damaged status | Not for loan | Collection code | Home library | Current library | Shelving location | Date acquired | Total Checkouts | Full call number | Barcode | Date last seen | Copy number | Price effective from | Koha item type |
|---|---|---|---|---|---|---|---|---|---|---|---|---|---|---|---|---|
| Library of Congress Classification | REFERENCE | ARRUPE LIBRARY | ARRUPE LIBRARY | Main Collection | 04/03/2013 | REF AE25.E57 1963 | 46003005510 | 04/03/2013 | 1 | 04/03/2013 | REFERENCE |